Quizzes
Events
Quiz Creation
Community
Videos
Private Events
Remove Ads
Sign In
Join for FREE
Feedback
Dark Mode
Quiz Categories
Sports
Geography
Music
Movies
Television
Just For Fun
Miscellaneous
History
Literature
Language
Science
Gaming
Entertainment
Religion
Holiday
For Kids
Quiz Lab
Recent
Popular Today
Quiz Kudos Today
Editor Picks
Curator Picks
Quizzes by...
Day
Popularity
Type
Ratings
Length
Year
Community
Subscriptions
Recent Discussions
Orange Saloon
Badges
Playlists
Quests
Create
Leaderboards
Showdown
Live 5
Trivia Bingo
Activity
Puzzle Library
Sporcle Events
Private Events
Virtual Trivia
Globe League
Become a Host
Pub Owners
SporcleCon
Opinionation
Our Games
Videos
Blog
Mobile Apps
Partnerships
Remove Ads and Go Orange
Feedback
Music
Pop Music
The Beatles
Song
Album
Lyrics
Bands
Singers
Artist
Clip
Rock
Rap
Classical
Billboard
Country Music
Kpop
Taylor Swift
Music
Pop Music
The Beatles
Song
Album
Lyrics
Bands
Singers
Artist
Clip
Rock
Rap
Classical
Billboard
Country Music
Kpop
Taylor Swift
Random Quiz
Search Sporcle
×
Quiz Lab
Quiz Lab
Music
costello
Type in answers that appear in a list
Type in answers that appear in a list
Classic
Best Score? Go Orange.
Elvis Costello's 'She' Stats
Can you name the lyrics of Elvis Costello's 'She'?
By
geekoftheweek
10m
212 Questions
105 Plays
105 Plays
105 Plays
Comments
Comments
Give Quiz Kudos
Give Quiz Kudos
-
- Ratings
hide this ad
Replay
Link that replays current quiz
Next Quiz
Link to next quiz in quiz playlist
You Got
0%
They Got
Avg Score
79%
Avg Friend Score
Upgrade to see
Score Distribution
Jump to the score distribution portion of the page
Score
0/212
Timer
10:00
0
Plays Today
Hint
Answer
% Correct
She
100%
be
100%
the
100%
The
100%
be
100%
the
100%
She
100%
be
100%
the
100%
be
100%
the
100%
be
100%
the
100%
She
100%
be
100%
the
100%
the
100%
be
100%
the
100%
the
100%
She
100%
be
100%
the
100%
She
100%
be
100%
she
100%
She,
100%
be
100%
She
100%
be
100%
the
100%
the
100%
the
100%
She
100%
be
100%
the
100%
The
100%
The
100%
the
100%
she
100%
be
100%
The
100%
she
100%
She,
100%
she
100%
may
98.1%
May
98.1%
may
98.1%
May
98.1%
May
98.1%
may
98.1%
May
98.1%
May
98.1%
may
98.1%
may
98.1%
may
98.1%
may
98.1%
May
98.1%
may
98.1%
for
96.2%
For
96.2%
to
95.2%
to
95.2%
to
95.2%
to
95.2%
to
95.2%
or
94.3%
or
94.3%
or
94.3%
or
94.3%
or
94.3%
Hint
Answer
% Correct
can
93.3%
can't
92.4%
of
92.4%
of
92.4%
of
92.4%
of
92.4%
forget
91.4%
me
90.5%
Me,
90.5%
face
89.5%
and
88.6%
and
88.6%
and
88.6%
And
88.6%
one
87.6%
my
85.7%
my
85.7%
so
85.7%
so
85.7%
so
85.7%
my
85.7%
my
85.7%
regret
83.8%
in
83.8%
in
83.8%
in
83.8%
in
83.8%
beauty
82.9%
beast
82.9%
No
82.9%
all
82.9%
is
82.9%
that
81%
that
81%
that
81%
That
81%
have
80%
I
79%
I
79%
I
79%
I
79%
I
79%
them
78.1%
when
78.1%
they
78.1%
them
78.1%
life
78.1%
see
77.1%
day
76.2%
day
76.2%
her
76.2%
day
76.2%
I'll
76.2%
I'll
76.2%
her
76.2%
her
76.2%
eyes
75.2%
price
73.3%
pay
73.3%
feast
73.3%
where
72.4%
pleasure
71.4%
what
71.4%
cry
71.4%
dreams
70.5%
not
70.5%
who
70.5%
reason
70.5%
I'm
70.5%
famine
68.6%
oh,
68.6%
Hint
Answer
% Correct
a
67.6%
a
67.6%
a
67.6%
a
67.6%
A
67.6%
a
67.6%
seem
67.6%
always
67.6%
a
67.6%
one's
67.6%
treasure
66.7%
happy
66.7%
crowd
66.7%
why
66.7%
things
64.8%
hundred
63.8%
different
63.8%
smile
63.8%
survive
63.8%
alive
63.8%
meaning
63.8%
proud
62.9%
allowed
62.9%
love
62.9%
I've
62.9%
heaven
61.9%
seems
61.9%
trace
61%
hell
61%
make
61%
goes,
61%
Within
60%
turn
59%
into
59%
got
59%
shell
58.1%
die
58.1%
song
57.1%
summer
57.1%
sing
57.1%
each
57.1%
take
57.1%
laughter
57.1%
brings
56.2%
measure
56.2%
reflected
56.2%
Whose
56.2%
last
56.2%
'till
56.2%
autumn
55.2%
Inside
55.2%
care
55.2%
years
55.2%
tears
55.2%
souvenirs
55.2%
stream
54.3%
cannot
54.3%
past
54.3%
remember
54.3%
private
53.3%
chill
52.4%
from
52.4%
through
52.4%
mirror
51.4%
come
51.4%
hope
50.5%
shadows
49.5%
wherefore
46.7%
rough
46.7%
many
30.5%
Quiz Playlist
Details
Report
Send in Message
Add To Playlist
Classic:
Type in answers that appear in a list
Last Updated: Feb 16, 2017
Quiz Scoreboard
CHALLENGE
Sign Up to Join the Scoreboard
Show All
Scores
Hide
Comments
May contain spoilers
Recently Published
Popular People in 1961
by mucciniale
History
6m
1-10 Letter E Words III
by El_Dandy
Language
2m
One Thing in Common: World Cities II
by knightlancer
Geography
7m
More to Explore
Quiz From the Vault
Featured Blog Post
Where Did the Easter Bunny Come From?
hide this ad
You Might Also Like...
Tags
costello
Elvis Costello
Levi
Today's Top Quizzes in Music
Browse Music
hide this ad
Top Contributed Quizzes in Music
1
Taylor Swift All Songs (2024)
2
2010s Album by Cover III
3
One Thing in Common: Music
4
Taylor Swift Logic Puzzle
5
Guess the Artist- 70s Songs
6
2010s Album by Cover IV
7
Guess the Taylor Swift song (Mystery Song)
8
2010s Album by Cover V
9
Lana Del Rey Discography (BTD to DYKTTATUOB)
10
2010s Album by Cover VI
Explore More
Trending Topics
Marvel
Harry Potter
Kpop
Anime
NBA
Crossword
Disney
WWE
Country
Song
Soccer
The Office
Pokémon
Puzzle
NFL
hide this ad
More By:
geekoftheweek
Quiz
Plays
Rating
Category
Featured
Created
Elvis Costello's 'She'
105
5.00
Music
Nov 10, 2016
'Mexican Radio' Lyrics
103
5.00
Music
Jun 27, 2014
Go to Creator's Profile
Score Distribution
Quiz Creator Spotlight
geekoftheweek
Follow
Send a Message
Quizzes Created
-
Created Quiz Play Count
-
More By This Creator
Popular Quizzes Today
1
Find the US States - No Outlines Minefield
2
Find the Countries of Europe - No Outlines Minefield
3
The Countries of the World
4
Popular People in 1961
5
1-10 Letter E Words III
6
Find the US States
7
One Thing in Common: World Cities II
8
US States
More Music Quizzes
Circle of Fifths - Map
Quiz Lab
Trending Quizzes
Risky Map Clicking: Least Populous States A-Z
1-10 Letter F Words
1-10 Letter G Words
One Thing in Common: United Kingdom
Risky Map Clicking: Next State Alphabetically
Recently Updated
Leaping Animals
pecheneg
Reality TV Shows (A-Z)
bhenderson79
Rickey Henderson's Hall of Fame Teammates
pecheneg
Champions League XIs: Arsenal
pecheneg
Quick Pick: Celebrities in WWE's Hall of Fame
aduchscher
A-Z Keypad Blitz II
pecheneg
Multiple Oscar Actors
pecheneg
Mystery Phrase Blitz: Oscar 'Best Actors'
pecheneg
F. Scott Fitzgerald Novels
LTH
Pick 3 Villains
ddd62291
Trending Topics
NBA
Harry Potter
Crossword
Marvel
Anime
Disney
Kpop
Song
Country
WWE
Soccer
Puzzle
The Office
NFL
Pokémon
Your Account Isn't Verified!
In order to create a playlist on Sporcle, you need to verify the email address you used during registration. Go to your
Sporcle Settings
to finish the process.
Report this User
Report this user for behavior that violates our
Community Guidelines
.
Details:
Send Report
Go to the Sporcle.com Mobile Site →
Comments